Music in society (Record no. 16161)

MARC details
000 -LEADER
fixed length control field 00490nam a22001577a 4500
008 - FIXED-LENGTH DATA ELEMENTS--GENERAL INFORMATION
fixed length control field 161006b xxu||||| |||| 00| 0 eng d
020 ## - INTERNATIONAL STANDARD BOOK NUMBER
International Standard Book Number 0918728355
040 ## - CATALOGING SOURCE
Original cataloging agency KABU
Transcribing agency KABU
050 ## - LIBRARY OF CONGRESS CALL NUMBER
Classification number ML3795 .S87 1987
100 ## - MAIN ENTRY--PERSONAL NAME
Personal name Supicic,Ivo
245 ## - TITLE STATEMENT
Title Music in society
Remainder of title a guide to the sociology of music
Statement of responsibility, etc. by Ivo Supicic
260 ## - PUBLICATION, DISTRIBUTION, ETC. (IMPRINT)
Place of publication, distribution, etc. New York
Name of publisher, distributor, etc. Pendragon press
Date of publication, distribution, etc. 1987
300 ## - PHYSICAL DESCRIPTION
Extent xiv, 488 p.
650 ## - SUBJECT ADDED ENTRY--TOPICAL TERM
Source of heading or term Music and society
942 ## - ADDED ENTRY ELEMENTS (KOHA)
Source of classification or shelving scheme Library of Congress Classification
Koha item type General Collection
Classification part ML3795 .S87 1987 C.1
Holdings
Withdrawn status Lost status Source of classification or shelving scheme Not for loan Home library Current library Shelving location Date acquired Cost, normal purchase price Total Checkouts Full call number Barcode Date last seen Copy number Price effective from Koha item type
    Library of Congress Classification   Kabarak, Main Campus Kabarak, Main Campus General Stacks 06/10/2016 7038.00   ML3795 .S87 1987 026952 06/10/2016 C.1 06/10/2016 General Collection
Designed with assistance from East African Informatics Ltd